Witamy w Bibliotece Naukowej Instytutu Łączności!

Sieci kablowe służące do rozprowadzania sygnałów: telewizyjnych, radiofonicznych i usług interaktywnych - Część 7-2: Kontrola stanu urządzeń zewnętrznych sieci hybrydowej współosiowo-światłowodowej - Specyfikacja warstwy sterującej dostępem do mediów (MAC) PN-EN 60728-7-2:2010P / (Rekord nr 21599)

000 -LEADER
fixed length control field 01543cam a2200289 i 4500
001 - CONTROL NUMBER
control field vtls001694042
003 - CONTROL NUMBER IDENTIFIER
control field NUKAT
005 - DATE AND TIME OF LATEST TRANSACTION
control field 20220120101325.0
008 - FIXED-LENGTH DATA ELEMENTS--GENERAL INFORMATION
fixed length control field 100527s2010 pl a f u |000 0 pol c
020 ## - INTERNATIONAL STANDARD BOOK NUMBER
International Standard Book Number 9788325194970
035 ## - SYSTEM CONTROL NUMBER
System control number xx001694042
039 #9 - LEVEL OF BIBLIOGRAPHIC CONTROL AND CODING DETAIL [OBSOLETE]
Level of rules in bibliographic description 201401080116
Level of effort used to assign nonsubject heading access points VLOAD
Level of effort used to assign subject headings 201401070141
Level of effort used to assign classification VLOAD
Level of effort used to assign subject headings 201006160931
Level of effort used to assign classification koppp
Level of effort used to assign subject headings 201006071431
Level of effort used to assign classification agh
040 ## - CATALOGING SOURCE
Original cataloging agency KR 93/AN
Transcribing agency KR 93/AN
Modifying agency KR 93/MU
041 1# - LANGUAGE CODE
Language code of text/sound track or separate title pol
Language code of original and/or intermediate translations of text eng
245 00 - TITLE STATEMENT
Title Sieci kablowe służące do rozprowadzania sygnałów: telewizyjnych, radiofonicznych i usług interaktywnych - Część 7-2: Kontrola stanu urządzeń zewnętrznych sieci hybrydowej współosiowo-światłowodowej - Specyfikacja warstwy sterującej dostępem do mediów (MAC) PN-EN 60728-7-2:2010P /
Statement of responsibility, etc Polski Komitet Normalizacyjny.
246 30 - VARYING FORM OF TITLE
Title proper/short title PN-EN 60728-7-2
246 13 - VARYING FORM OF TITLE
Title proper/short title Cable networks for television signals, sound signals and interactive services - Part 7-2: Hybrid fibre coax outside plant status monitoring - Media Access Control (MAC) layer specification
260 ## - PUBLICATION, DISTRIBUTION, ETC. (IMPRINT)
Place of publication, distribution, etc Warszawa :
Name of publisher, distributor, etc Polski Komitet Normalizacyjny,
Date of publication, distribution, etc 2010.
300 ## - PHYSICAL DESCRIPTION
Extent 4, 45 s. :
Other physical details il. ;
Dimensions 30 cm.
500 ## - GENERAL NOTE
General note ICS 33.060.40; 33.160; 35.100.60.
590 ## - LOCAL NOTE (RLIN)
Local note Wprowadza EN 60728-7-2:2005, IDT, IEC 60728-7-2:2003, IDT; Zastępuje PN-EN 60728-7-2:2005 ; Zatwierdzona dnia 28 grudnia 2009 r.
710 1# - ADDED ENTRY--CORPORATE NAME
Corporate name or jurisdiction name as entry element Polska.
Subordinate unit Polski Komitet Normalizacyjny.
9 (RLIN) 1107
710 1# - ADDED ENTRY--CORPORATE NAME
Corporate name or jurisdiction name as entry element Polska.
Subordinate unit Polski Komitet Normalizacyjny.
-- Wydział Wydawnictw Normalizacyjnych.
Relator code pbl
9 (RLIN) 1108
942 ## - ADDED ENTRY ELEMENTS (KOHA)
Source of classification or shelving scheme
Koha item type Książki
Egzemplarze
Withdrawn status Lost status Source of classification or shelving scheme Damaged status Not for loan Permanent Location Current Location Shelving location Date acquired Inventory number Full call number Barcode Date last seen Price effective from Koha item type Public note
        Nie do wypożyczenia Instytut Łączności Instytut Łączności Księgozbiór Podręczny 2018-01-31 PN-EN 60728-7-2 PN-EN 60728-7-2 PN-EN 60728-7-2 2018-01-31 2018-01-31 Książki print, aktualna

Działa dzięki Koha